|
|
|
|
| LEADER |
00734nab a2200229 i 4500 |
| 001 |
acta8481 |
| 005 |
20251010142959.0 |
| 008 |
161015s2007 hu o 000 hun d |
| 022 |
|
|
|a 1785-7821
|
| 040 |
|
|
|a SZTE Egyetemi Kiadványok Repozitórium
|b hun
|
| 041 |
|
|
|a hun
|
| 100 |
1 |
|
|a Jonas Hans
|
| 245 |
1 |
2 |
|a A felelősség imperatívusza
|h [elektronikus dokumentum] :
|b részlet /
|c Jonas Hans
|
| 260 |
|
|
|c 2007
|
| 300 |
|
|
|a 59-66
|
| 490 |
0 |
|
|a Különbség
|v 9 No. 1
|
| 650 |
|
4 |
|a Bölcsészettudományok
|
| 650 |
|
4 |
|a Filozófia, etika és vallástudományok
|
| 695 |
|
|
|a Filozófia
|
| 700 |
0 |
1 |
|a Minkó Mihály
|
| 700 |
0 |
1 |
|a Tóth Andrea
|
| 856 |
4 |
0 |
|u http://acta.bibl.u-szeged.hu/8481/1/kulonbseg_2007_001_059-066.pdf
|z Dokumentum-elérés
|